[Event "Madrid ch  2012-13 - Semifinal B"]
[Site "Madrid"]
[Date "2013.03.15"]
[Round "4.5"]
[White "Estrada Martinez, Cesar"]
[Black "Lopez Ziegler, Carlos"]
[Result "0-1"]
[WhiteElo "2050"]
[BlackElo "1913"]
[PlyCount "46"]
[EventDate "2013.03.07"]
[EventType "swiss"]
[EventRounds "9"]
[EventCountry "ESP"]
[Source "lmi"]
[SourceDate "2013.03.07"]

1. c4 c5 2. Nf3 Nf6 3. Nc3 Nc6 4. d4 cxd4 5. Nxd4 Qc7 6. Ndb5 Qb8 7. Bg5 a6 8.
Bxf6 axb5 9. cxb5 exf6 10. bxc6 bxc6 11. Qd2 Bb4 12. g3 O-O 13. Bg2 d5 14. O-O
f5 15. a3 Bd6 16. Qc2 Ba6 17. Rab1 f4 18. Rfc1 Re8 19. Bf3 fxg3 20. hxg3 Bxg3
21. fxg3 Qxg3+ 22. Kh1 Re6 23. Qd2 Rg6 0-1

[Event "Madrid ch  2012-13 - Semifinal B"]
[Site "Madrid"]
[Date "2013.03.15"]
[Round "4.6"]
[White "Rojas Pozo, Jose Luis"]
[Black "Marcos Herrero, Francisco"]
[Result "1/2-1/2"]
[WhiteElo "1973"]
[BlackElo "1912"]
[PlyCount "79"]
[EventDate "2013.03.07"]
[EventType "swiss"]
[EventRounds "9"]
[EventCountry "ESP"]
[Source "lmi"]
[SourceDate "2013.03.07"]

1. b4 e5 2. Bb2 Bxb4 3. Bxe5 Nf6 4. Nf3 Nc6 5. Bb2 d5 6. e3 Bg4 7. Be2 O-O 8.
O-O Qe7 9. a3 Bd6 10. d3 Rfe8 11. Nbd2 Rad8 12. Re1 Ne5 13. Nxe5 Bxe2 14. Qxe2
Bxe5 15. d4 Bd6 16. c4 c6 17. cxd5 cxd5 18. Rec1 Rc8 19. a4 Qd7 20. Qb5 Rxc1+
21. Rxc1 Rc8 22. Qxd7 Rxc1+ 23. Bxc1 Nxd7 24. Nb3 b6 25. Bd2 f5 26. f3 Kf7 27.
Kf2 Ke6 28. g3 h5 29. h4 Be7 30. Ke2 Nb8 31. Nc1 Bd6 32. Be1 Nc6 33. Nd3 g6 34.
Kd1 Kd7 35. Kc2 Kc7 36. Kb3 Kd7 37. Kc2 Ke6 38. Kb3 Kd7 39. Kc2 Ke6 40. Kb3
1/2-1/2

[Event "Madrid ch  2012-13 - Semifinal B"]
[Site "Madrid"]
[Date "2013.03.15"]
[Round "4.7"]
[White "Vukotic Jovsic, Dragan"]
[Black "Arroyo Fernandez, Francisco J"]
[Result "1-0"]
[WhiteElo "1993"]
[BlackElo "1832"]
[PlyCount "73"]
[EventDate "2013.03.07"]
[EventType "swiss"]
[EventRounds "9"]
[EventCountry "ESP"]
[Source "lmi"]
[SourceDate "2013.03.07"]

1. d4 Nf6 2. Nf3 d6 3. Bf4 g6 4. e3 Bg7 5. Be2 O-O 6. O-O Nfd7 7. c3 e5 8. Bg5
Qe8 9. dxe5 dxe5 10. Na3 a6 11. e4 Nc5 12. Qc2 Nc6 13. Nc4 Ne6 14. Be3 f5 15.
exf5 gxf5 16. Ng5 h6 17. Nxe6 Bxe6 18. Bc5 Rf6 19. f4 e4 20. Ne5 Bf8 21. Bd4
Nxd4 22. cxd4 Bd6 23. Qc3 Rf8 24. Qh3 Bxe5 25. dxe5 Kh7 26. Rac1 Qe7 27. Bc4
Bxc4 28. Rxc4 Rad8 29. Rfc1 c6 30. b4 Rd2 31. a4 Qd7 32. Qb3 Rg8 33. g3 b5 34.
axb5 axb5 35. Rxc6 Qd4+ 36. Kh1 e3 37. Qf7+ 1-0

[Event "Madrid ch  2012-13 - Semifinal B"]
[Site "Madrid"]
[Date "2013.03.15"]
[Round "4.8"]
[White "Esquivias Gomez, Francisco Javier"]
[Black "Ruiz Sanchez, Roberto"]
[Result "1/2-1/2"]
[WhiteElo "1951"]
[BlackElo "1981"]
[PlyCount "70"]
[EventDate "2013.03.07"]
[EventType "swiss"]
[EventRounds "9"]
[EventCountry "ESP"]
[Source "lmi"]
[SourceDate "2013.03.07"]

1. e4 c6 2. d4 d5 3. exd5 cxd5 4. Bd3 Nf6 5. c3 Nc6 6. Bf4 Bg4 7. Qb3 Qd7 8.
Nd2 e6 9. Ngf3 Bxf3 10. Nxf3 Bd6 11. Bxd6 Qxd6 12. O-O Rb8 13. a4 O-O 14. Rfe1
Qc7 15. Qc2 Rfc8 16. Qe2 a6 17. Ne5 Nxe5 18. dxe5 Nd7 19. Qh5 g6 20. Qg5 b5 21.
axb5 axb5 22. Rac1 Qb6 23. h4 Nc5 24. Bb1 Rc6 25. h5 Qd8 26. Qg4 Qe7 27. Re3
Nb3 28. Rd1 Rc4 29. f4 b4 30. Rg3 Kh8 31. hxg6 fxg6 32. Bxg6 Rg8 33. Qh5 Rxf4
34. Rh3 Rg7 35. g3 Rf8 1/2-1/2

[Event "Madrid ch  2012-13 - Semifinal B"]
[Site "Madrid"]
[Date "2013.03.15"]
[Round "4.9"]
[White "Martin Hernandez, Vicente"]
[Black "Garcia Serrano, Jose Manuel II"]
[Result "0-1"]
[WhiteElo "2005"]
[BlackElo "1892"]
[PlyCount "50"]
[EventDate "2013.03.07"]
[EventType "swiss"]
[EventRounds "9"]
[EventCountry "ESP"]
[Source "lmi"]
[SourceDate "2013.03.07"]

1. d4 d5 2. c4 e6 3. Nc3 Nf6 4. Bg5 Nbd7 5. e3 Be7 6. Nf3 O-O 7. Rc1 b6 8. cxd5
exd5 9. Bd3 Bb7 10. O-O Ne4 11. Bf4 Bd6 12. Bxd6 cxd6 13. Qb3 Ndf6 14. a4 Qe7
15. Rc2 Rfc8 16. h3 g5 17. g4 h5 18. Nh2 hxg4 19. hxg4 Qe6 20. Be2 Kg7 21. Kg2
Rh8 22. f3 Rxh2+ 23. Kxh2 Nxg4+ 24. fxg4 Rh8+ 25. Kg2 Qh6 0-1

[Event "Madrid ch  2012-13 - Semifinal B"]
[Site "Madrid"]
[Date "2013.03.15"]
[Round "4.10"]
[White "Brull Cortes, Boris"]
[Black "Cabañas Bravo, Juan Andres"]
[Result "0-1"]
[WhiteElo "1953"]
[BlackElo "2103"]
[PlyCount "98"]
[EventDate "2013.03.07"]
[EventType "swiss"]
[EventRounds "9"]
[EventCountry "ESP"]
[Source "lmi"]
[SourceDate "2013.03.07"]

1. d4 Nf6 2. Nc3 d5 3. Bg5 Nbd7 4. f3 c5 5. e4 cxd4 6. Bxf6 exf6 7. Qxd4 Bc5 8.
Qxd5 Qb6 9. O-O-O Bxg1 10. Bb5 Be3+ 11. Kb1 Qe6 12. Rhe1 Bf4 13. e5 f5 14. Qd4
Bxh2 15. Nd5 O-O 16. Nc7 Qb6 17. Nxa8 Qxb5 18. Nc7 Qa5 19. Nd5 Nb6 20. Ne7+ Kh8
21. Nxc8 Nxc8 22. f4 Qb6 23. Qc4 Bg3 24. Rf1 h5 25. Rd7 Qc6 26. Qxc6 bxc6 27.
Rc7 Nb6 28. Rxc6 Nd5 29. Rf3 h4 30. Rc4 Kh7 31. Rd4 Nb6 32. c4 Rc8 33. b3 Rc7
34. Kc2 Nd7 35. b4 Nf8 36. c5 Ne6 37. Rc4 Kg6 38. a4 Kh5 39. c6 Rxc6 40. Rxc6
Nd4+ 41. Kd3 Nxc6 42. Kc4 Kg4 43. Kc5 Nb8 44. b5 h3 45. Rxg3+ Kxg3 46. gxh3
Kxf4 47. Kd6 Ke4 48. a5 f4 49. a6 Nxa6 0-1

[Event "Madrid ch  2012-13 - Semifinal B"]
[Site "Madrid"]
[Date "2013.03.15"]
[Round "4.11"]
[White "Garcia Sanz, Eduardo"]
[Black "Tirado Parra, Alberto"]
[Result "0-1"]
[WhiteElo "2003"]
[BlackElo "1896"]
[PlyCount "128"]
[EventDate "2013.03.07"]
[EventType "swiss"]
[EventRounds "9"]
[EventCountry "ESP"]
[Source "lmi"]
[SourceDate "2013.03.07"]

1. e4 e5 2. Nf3 Nc6 3. Nc3 Nf6 4. d4 exd4 5. Nd5 Nxe4 6. Qe2 f5 7. Ng5 Be7 8.
Nxe4 fxe4 9. Qxe4 O-O 10. Bd3 Bb4+ 11. Kf1 g6 12. Nxb4 Nxb4 13. Bh6 d5 14. Qxd4
Qf6 15. Qc5 Rf7 16. Re1 Bf5 17. Bxf5 Qxf5 18. Qe3 Nxc2 19. Qe8+ Rf8 20. Qe6+
Qxe6 21. Rxe6 Rfe8 22. Re2 Nb4 23. a3 Nd3 24. b3 c5 25. g3 b5 26. Rd2 c4 27.
Be3 Re4 28. Kg2 d4 29. Bg5 Rae8 30. h4 Kg7 31. bxc4 bxc4 32. Rb1 Nc5 33. Rb5
Rc8 34. Kf3 Rf8+ 35. Bf4 c3 36. Rxd4 Rxd4 37. Rxc5 h6 38. Ke3 Rd2 39. Rxc3 Ra2
40. Rc7+ Rf7 41. Bxh6+ Kg8 42. Rc3 Raxf2 43. Bf4 Ra2 44. Bd6 a5 45. Rc8+ Kh7
46. Ra8 Rf5 47. Ra7+ Kg8 48. Ra6 Kf7 49. g4 Rd5 50. Ke4 Rad2 51. Be5 Rb5 52.
Ra7+ Ke6 53. Ra6+ Ke7 54. Bc3 Rc2 55. Bxa5 Rc4+ 56. Kd3 Rxg4 57. Bc3 Rf5 58.
Bb4+ Kf7 59. Ra7+ Ke6 60. Rh7 Rf3+ 61. Ke2 Rh3 62. Be7 Rg2+ 63. Kf1 Rc2 64. Kg1
Rd3 0-1

[Event "Madrid ch  2012-13 - Semifinal B"]
[Site "Madrid"]
[Date "2013.03.15"]
[Round "4.12"]
[White "Sotoca Aguado, Jose"]
[Black "Alonso Herrero, Ignacio"]
[Result "1-0"]
[WhiteElo "1976"]
[BlackElo "1799"]
[PlyCount "81"]
[EventDate "2013.03.07"]
[EventType "swiss"]
[EventRounds "9"]
[EventCountry "ESP"]
[Source "lmi"]
[SourceDate "2013.03.07"]

1. d4 Nf6 2. Nf3 e6 3. Bf4 d5 4. e3 Be7 5. Bd3 c5 6. c3 Qb6 7. Qc1 Nc6 8. Nbd2
cxd4 9. exd4 Bd7 10. O-O h6 11. Ne5 Rc8 12. Nxc6 Bxc6 13. Nf3 Bb5 14. Bxb5+
Qxb5 15. Ne5 a5 16. f3 a4 17. Qd2 Qa5 18. Qd3 a3 19. b4 Qa4 20. Rab1 Nd7 21.
Rb3 Nxe5 22. dxe5 Bg5 23. Bxg5 hxg5 24. Qe3 Rh6 25. Qb6 Rb8 26. Rc1 Rh4 27. g4
Qa8 28. c4 Rc8 29. c5 Rc6 30. Qb5 Kd7 31. Qe2 Qa7 32. Qe3 Qa4 33. Qxg5 Rh7 34.
Qe3 Rc8 35. b5 Ke8 36. c6 bxc6 37. bxc6 Rxc6 38. Rxc6 Qxc6 39. Rb8+ Kd7 40.
Qa7+ Qc7 41. Rb7 1-0

[Event "Madrid ch  2012-13 - Semifinal B"]
[Site "Madrid"]
[Date "2013.03.15"]
[Round "4.13"]
[White "Lacaci Otero, Ivan"]
[Black "Garcia-Ruiz Fuentes, Angel M"]
[Result "0-1"]
[WhiteElo "1694"]
[BlackElo "1952"]
[PlyCount "86"]
[EventDate "2013.03.07"]
[EventType "swiss"]
[EventRounds "9"]
[EventCountry "ESP"]
[Source "lmi"]
[SourceDate "2013.03.07"]

1. e4 c5 2. Nf3 d6 3. d4 cxd4 4. Nxd4 Nf6 5. Nc3 a6 6. Be3 e5 7. Nb3 Be6 8. f3
Nbd7 9. Qd2 Rc8 10. g4 Nb6 11. g5 Nh5 12. O-O-O Be7 13. h4 Ng3 14. Rg1 Nxf1 15.
Rgxf1 Nc4 16. Qf2 Nxe3 17. Qxe3 h6 18. Rg1 hxg5 19. hxg5 Rh5 20. Qa7 Bxg5+ 21.
Kb1 Qc7 22. Rg2 g6 23. a3 Ke7 24. Nd5+ Bxd5 25. Rxd5 Rd8 26. Na5 Rd7 27. Qg1
Bf4 28. Rxg6 fxg6 29. Qxg6 Rg5 30. Qh7+ Kf8 31. Qh8+ Rg8 32. Qf6+ Rf7 33. Qe6
Qd7 34. Qxd6+ Qxd6 35. Rxd6 Rgg7 36. Nb3 Rd7 37. Rb6 Be3 38. Re6 Rge7 39. Rf6+
Rf7 40. Re6 Rde7 41. Rxe7 Kxe7 42. Na5 Ke6 43. Nc4 Rxf3 0-1

[Event "Madrid ch  2012-13 - Semifinal B"]
[Site "Madrid"]
[Date "2013.03.15"]
[Round "4.14"]
[White "Plazuelo Pascual, Juan"]
[Black "Garcia Herranz, Jesus"]
[Result "1/2-1/2"]
[WhiteElo "1872"]
[BlackElo "1962"]
[PlyCount "112"]
[EventDate "2013.03.07"]
[EventType "swiss"]
[EventRounds "9"]
[EventCountry "ESP"]
[Source "lmi"]
[SourceDate "2013.03.07"]

1. e4 e5 2. Nf3 Nc6 3. Bb5 a6 4. Ba4 Nf6 5. O-O Be7 6. Re1 b5 7. Bb3 O-O 8. c3
d6 9. h3 Na5 10. Bc2 c5 11. d4 Qc7 12. Nbd2 Bb7 13. d5 g6 14. b3 Nh5 15. Nf1
Bf6 16. Be3 Bc8 17. N1h2 Bd7 18. Qd2 Bg7 19. Ng5 h6 20. Ngf3 Kh7 21. Ng4 Bxg4
22. hxg4 Nf4 23. g3 Qd7 24. Nh2 g5 25. gxf4 gxf4 26. Bxf4 exf4 27. Qxf4 Be5 28.
Qe3 Kg7 29. f4 Bf6 30. e5 dxe5 31. fxe5 Bh4 32. Qe4 Rh8 33. Rf1 Rae8 34. e6 Qe7
35. Rf3 Nb7 36. Raf1 Nd6 37. Qe5+ f6 38. Qh5 f5 39. Bxf5 Qg5 40. Bg6 Qxh5 41.
gxh5 Ref8 42. Rxf8 Rxf8 43. Ng4 Rxf1+ 44. Kxf1 c4 45. Ke2 Bg5 46. Ne5 Bf6 47.
Nd7 Bg5 48. Nc5 a5 49. Ne4 Nxe4 50. Bxe4 Kf6 51. Kf3 Bd2 52. bxc4 bxc4 53. Bf5
Ke7 54. Ke4 Bxc3 55. Bg4 Bf6 56. Be2 c3 1/2-1/2

[Event "Madrid ch  2012-13 - Semifinal B"]
[Site "Madrid"]
[Date "2013.03.15"]
[Round "4.15"]
[White "Camarero Izquierdo, Juan Carlos"]
[Black "Lopez Garralon, Miguel"]
[Result "1-0"]
[WhiteElo "1934"]
[BlackElo "1955"]
[PlyCount "61"]
[EventDate "2013.03.07"]
[EventType "swiss"]
[EventRounds "9"]
[EventCountry "ESP"]
[Source "lmi"]
[SourceDate "2013.03.07"]

1. d4 d6 2. e4 Nf6 3. Nc3 Nbd7 4. Be3 e5 5. f4 Be7 6. Nf3 Ng4 7. Qd2 Nxe3 8.
Qxe3 Bf6 9. O-O-O exd4 10. Nxd4 O-O 11. g4 g6 12. g5 Bh8 13. h4 Nc5 14. h5 Ne6
15. hxg6 fxg6 16. Bc4 Bxd4 17. Rxd4 Kh8 18. Nd5 b5 19. Be2 c6 20. Nf6 Rf7 21.
Rdd1 c5 22. e5 Bb7 23. Rh6 Nd4 24. Bd3 Rg7 25. Qh3 Qe7 26. c3 c4 27. cxd4 cxd3
28. Rxd3 Bc8 29. Qh2 dxe5 30. dxe5 b4 31. Rd8+ 1-0

[Event "Madrid ch  2012-13 - Semifinal B"]
[Site "Madrid"]
[Date "2013.03.16"]
[Round "5.1"]
[White "Arruebarrena, Rafael"]
[Black "Madurga Lopez, Ignacio"]
[Result "1/2-1/2"]
[WhiteElo "2245"]
[BlackElo "2027"]
[PlyCount "76"]
[EventDate "2013.03.07"]
[EventType "swiss"]
[EventRounds "9"]
[EventCountry "ESP"]
[Source "lmi"]
[SourceDate "2013.03.07"]

1. e4 c5 2. Nf3 d6 3. d4 cxd4 4. Nxd4 Nf6 5. Nc3 Nc6 6. Bg5 e6 7. Qd2 a6 8.
O-O-O h6 9. Be3 Be7 10. f3 Bd7 11. Kb1 b5 12. Nxc6 Bxc6 13. Ne2 O-O 14. Nd4 Bb7
15. Bd3 Nd7 16. Rhe1 Ne5 17. b3 Rc8 18. f4 Nxd3 19. cxd3 Bf6 20. g4 Re8 21. h4
Bxd4 22. Bxd4 e5 23. fxe5 dxe5 24. Be3 Re6 25. g5 h5 26. Qe2 g6 27. Bc1 Rc7 28.
Bb2 Rd7 29. Qe3 a5 30. d4 exd4 31. Rxd4 Rxd4 32. Qxd4 Qxd4 33. Bxd4 Rxe4 34.
Rxe4 Bxe4+ 35. Kb2 Kf8 36. a4 bxa4 37. bxa4 Ke7 38. Bc3 Kd6 1/2-1/2

[Event "Madrid ch  2012-13 - Semifinal B"]
[Site "Madrid"]
[Date "2013.03.16"]
[Round "5.2"]
[White "Ruiz Quevedo, Andres"]
[Black "Muñoz Manzano, Jose Manuel"]
[Result "1/2-1/2"]
[WhiteElo "1925"]
[BlackElo "2011"]
[PlyCount "94"]
[EventDate "2013.03.07"]
[EventType "swiss"]
[EventRounds "9"]
[EventCountry "ESP"]
[Source "lmi"]
[SourceDate "2013.03.07"]

1. c4 c6 2. g3 d5 3. Nf3 Nf6 4. Bg2 Bf5 5. Qb3 Qb6 6. Nc3 e6 7. O-O Nbd7 8. Nh4
Qxb3 9. axb3 Bc2 10. cxd5 exd5 11. d4 Bxb3 12. Nf5 Bc2 13. e4 g6 14. Re1 Bxe4
15. Nh6 Be7 16. Nxe4 dxe4 17. Bg5 Kf8 18. Bxe4 Bb4 19. Re2 Kg7 20. Bf3 a5 21.
Rc2 Nb6 22. Bxf6+ Kxf6 23. Ng4+ Kg7 24. Ne5 Rad8 25. Nc4 Nxc4 26. Rxc4 Rd6 27.
d5 c5 28. Re4 Rhd8 29. Re7 R6d7 30. Rxd7 Rxd7 31. b3 Kf6 32. Rd1 b6 33. Be2 Ke5
34. Bc4 f6 35. f3 Bc3 36. Kf1 Kd6 37. Rd3 Bd4 38. Rd2 Rb7 39. Re2 b5 40. Re6+
Kd7 41. Be2 a4 42. bxa4 bxa4 43. Ra6 Rb1+ 44. Kg2 Rb2 45. Kf1 Rb1+ 46. Kg2 Rb2
47. Kf1 Rb1+ 1/2-1/2

[Event "Madrid ch  2012-13 - Semifinal B"]
[Site "Madrid"]
[Date "2013.03.16"]
[Round "5.3"]
[White "Lopez Ziegler, Carlos"]
[Black "Cano Cabanillas, Javier"]
[Result "1-0"]
[WhiteElo "1913"]
[BlackElo "2007"]
[PlyCount "105"]
[EventDate "2013.03.07"]
[EventType "swiss"]
[EventRounds "9"]
[EventCountry "ESP"]
[Source "lmi"]
[SourceDate "2013.03.07"]

1. e4 e6 2. d4 d5 3. exd5 exd5 4. Nf3 Nf6 5. Bd3 Be7 6. h3 Nc6 7. O-O O-O 8. c3
a5 9. a4 Ne8 10. Qc2 g6 11. Nbd2 Nd6 12. Re1 Bf5 13. Ne5 Bf6 14. Bxf5 Nxf5 15.
Ndf3 Nh4 16. Bf4 Nxe5 17. Nxe5 Bg7 18. Re2 Re8 19. Rae1 Bxe5 20. Bxe5 Qg5 21.
Bg3 Rxe2 22. Qxe2 c6 23. Qe7 Qxe7 24. Rxe7 Nf5 25. Rxb7 Nxg3 26. fxg3 Ra6 27.
g4 h6 28. Kf2 Kg7 29. Kf3 Kf6 30. g3 g5 31. b3 Ke6 32. Ke3 Ra8 33. c4 f6 34.
Kd3 Rh8 35. Ke3 Ra8 36. Kf3 Rh8 37. c5 Rc8 38. h4 gxh4 39. gxh4 h5 40. gxh5 Rh8
41. Rc7 Rxh5 42. Rxc6+ Kf5 43. Rd6 Rxh4 44. Rxd5+ Ke6 45. Rd6+ Ke7 46. d5 Rh3+
47. Ke4 Rxb3 48. Rb6 Ra3 49. Rb7+ Kd8 50. d6 Rxa4+ 51. Kd5 Rb4 52. Rxb4 axb4
53. Kc4 1-0

[Event "Madrid ch  2012-13 - Semifinal B"]
[Site "Madrid"]
[Date "2013.03.16"]
[Round "5.4"]
[White "Rojas Pozo, Jose Luis"]
[Black "Hinojar Diez, David"]
[Result "0-1"]
[WhiteElo "1973"]
[BlackElo "2172"]
[PlyCount "84"]
[EventDate "2013.03.07"]
[EventType "swiss"]
[EventRounds "9"]
[EventCountry "ESP"]
[Source "lmi"]
[SourceDate "2013.03.07"]

1. d4 g6 2. Nf3 Bg7 3. c4 c5 4. d5 d6 5. Nc3 Nf6 6. e4 O-O 7. Bd3 a6 8. a4 b6
9. O-O Nbd7 10. h3 Nh5 11. Be3 e5 12. dxe6 fxe6 13. Bg5 Qc7 14. Qd2 Ne5 15. Be2
Nf7 16. Be3 Bb7 17. Ng5 Nxg5 18. Bxg5 Nf6 19. Qc2 Nd7 20. Be3 Ne5 21. Rad1 Nc6
22. Bg4 Rae8 23. Ne2 h5 24. Bf3 Ne5 25. Nf4 Nxf3+ 26. gxf3 Rf6 27. Qd2 Bf8 28.
h4 e5 29. Nh3 Rxf3 30. Ng5 Qd7 31. Nxf3 Qg4+ 32. Kh2 Qxf3 33. Rg1 Qxe4 34.
Rxg6+ Kh7 35. Rg3 Qxc4 36. Qxd6 Bxd6 37. Rxd6 Qxh4+ 38. Rh3 Qe4 39. Rxh5+ Kg7
40. Rd7+ Kg8 41. Rg5+ Kf8 42. Rg1 Qh4# 0-1

[Event "Madrid ch  2012-13 - Semifinal B"]
[Site "Madrid"]
[Date "2013.03.16"]
[Round "5.5"]
[White "Marcos Herrero, Francisco"]
[Black "Gomez Gonzalez, Javier"]
[Result "1/2-1/2"]
[WhiteElo "1912"]
[BlackElo "2141"]
[PlyCount "75"]
[EventDate "2013.03.07"]
[EventType "swiss"]
[EventRounds "9"]
[EventCountry "ESP"]
[Source "lmi"]
[SourceDate "2013.03.07"]

1. d4 Nf6 2. c4 e6 3. g3 d5 4. Bg2 Be7 5. Nf3 O-O 6. O-O Nbd7 7. Qc2 c6 8. Nbd2
b6 9. e4 dxe4 10. Nxe4 Bb7 11. Ne5 Ne8 12. Bf4 f6 13. Nd3 f5 14. Nc3 Bf6 15.
Ne5 g5 16. Nxd7 Qxd7 17. Be5 Bxe5 18. dxe5 Qd4 19. Rad1 Qxe5 20. Qd2 Qf6 21.
Rfe1 Ng7 22. Qd7 Qf7 23. Bxc6 Bxc6 24. Qxc6 Rac8 25. Qa4 Rfd8 26. Nb5 Qf6 27.
Qxa7 Qxb2 28. Qxb6 Rxd1 29. Rxd1 Qc2 30. Rd8+ Rxd8 31. Qxd8+ Kf7 32. Qxg5 Qb1+
33. Kg2 Qe4+ 34. Kh3 Qd3 35. Qe3 Qf1+ 36. Kh4 Qxc4+ 37. Nd4 Qxa2 38. Kh3
1/2-1/2

[Event "Madrid ch  2012-13 - Semifinal B"]
[Site "Madrid"]
[Date "2013.03.16"]
[Round "5.7"]
[White "Pastor Alonso De Prado, Alberto"]
[Black "Sotoca Aguado, Jose"]
[Result "1/2-1/2"]
[WhiteElo "2161"]
[BlackElo "1976"]
[PlyCount "80"]
[EventDate "2013.03.07"]
[EventType "swiss"]
[EventRounds "9"]
[EventCountry "ESP"]
[Source "lmi"]
[SourceDate "2013.03.07"]

1. e4 e6 2. d4 d5 3. Nd2 c5 4. dxc5 Bxc5 5. Bd3 Nf6 6. Qe2 Nc6 7. Ngf3 dxe4 8.
Nxe4 Nxe4 9. Bxe4 Qb6 10. c3 Bd7 11. O-O h6 12. Rd1 Qc7 13. b4 Be7 14. Be3 O-O
15. Bc2 Be8 16. Qd3 f5 17. Qc4 Qc8 18. Bb3 Bf7 19. Nd4 e5 20. Nxc6 bxc6 21. Qd3
Rd8 22. Bxf7+ Kxf7 23. Qe2 Rxd1+ 24. Rxd1 Qe6 25. Qa6 f4 26. Bc5 Rd8 27. Rxd8
Bxd8 28. Bxa7 Qd5 29. f3 Bf6 30. Qe2 g5 31. h3 h5 32. a4 g4 33. fxg4 e4 34.
gxh5 Bxc3 35. Qg4 Bd4+ 36. Bxd4 Qxd4+ 37. Kh2 Qe5 38. Qd7+ Kf8 39. h6 f3+ 40.
Kg1 Qa1+ 1/2-1/2

[Event "Madrid ch  2012-13 - Semifinal B"]
[Site "Madrid"]
[Date "2013.03.16"]
[Round "5.8"]
[White "Cabañas Bravo, Juan Andres"]
[Black "Ruiz Sanchez, Roberto"]
[Result "1/2-1/2"]
[WhiteElo "2103"]
[BlackElo "1981"]
[PlyCount "52"]
[EventDate "2013.03.07"]
[EventType "swiss"]
[EventRounds "9"]
[EventCountry "ESP"]
[Source "lmi"]
[SourceDate "2013.03.07"]

1. e4 c6 2. Nc3 d5 3. d4 dxe4 4. Nxe4 Bf5 5. Ng3 Bg6 6. Bc4 e6 7. N1e2 Bd6 8.
O-O Qc7 9. f4 Ne7 10. Bd3 Nd7 11. c4 Bxd3 12. Qxd3 O-O-O 13. a3 c5 14. b4 Nc6
15. d5 Ne7 16. Bb2 e5 17. Ne4 f6 18. Nxd6+ Qxd6 19. Qb3 Ng6 20. Nc3 Nxf4 21.
Nb5 Qb6 22. Rae1 g5 23. Kh1 h5 24. Bc1 a6 25. Bxf4 gxf4 26. Nc3 Rdg8 1/2-1/2

[Event "Madrid ch  2012-13 - Semifinal B"]
[Site "Madrid"]
[Date "2013.03.16"]
[Round "5.9"]
[White "Tirado Parra, Alberto"]
[Black "Estrada Martinez, Cesar"]
[Result "1/2-1/2"]
[WhiteElo "1896"]
[BlackElo "2050"]
[PlyCount "47"]
[EventDate "2013.03.07"]
[EventType "swiss"]
[EventRounds "9"]
[EventCountry "ESP"]
[Source "lmi"]
[SourceDate "2013.03.07"]

1. Nf3 c5 2. c4 Nf6 3. g3 d5 4. cxd5 Nxd5 5. Nc3 Nc6 6. Bg2 Nc7 7. a3 e5 8. b4
f6 9. bxc5 Bxc5 10. O-O O-O 11. Bb2 Be6 12. d3 Rc8 13. Rc1 Qe7 14. Na4 Bd6 15.
Nd2 Na5 16. Ne4 Bxa3 17. Bxa3 Qxa3 18. Nac5 b6 19. Ra1 Qb2 20. e3 Rcd8 21. Rb1
Qa3 22. Ra1 Qb4 23. Rb1 Qa3 24. Ra1 1/2-1/2

[Event "Madrid ch  2012-13 - Semifinal B"]
[Site "Madrid"]
[Date "2013.03.16"]
[Round "5.10"]
[White "Garcia-Ruiz Fuentes, Angel M"]
[Black "Arroyo Fernandez, Francisco J"]
[Result "1/2-1/2"]
[WhiteElo "1952"]
[BlackElo "1832"]
[PlyCount "88"]
[EventDate "2013.03.07"]
[EventType "swiss"]
[EventRounds "9"]
[EventCountry "ESP"]
[Source "lmi"]
[SourceDate "2013.03.07"]

1. e4 d6 2. d4 Nf6 3. Nc3 c6 4. f4 Qa5 5. e5 Ne4 6. Qf3 d5 7. Bd3 Na6 8. Nge2
Nb4 9. O-O Nxd3 10. cxd3 Nxc3 11. bxc3 g6 12. a4 h5 13. h3 Bf5 14. Ba3 h4 15.
Rfb1 Qa6 16. Nc1 e6 17. Bxf8 Kxf8 18. Rb4 Kg7 19. Rab1 Rab8 20. R1b2 b6 21. a5
c5 22. dxc5 Qxa5 23. Qf2 Rbc8 24. cxb6 axb6 25. Qd4 Qa1 26. Rc2 Rc4 27. Rxc4
dxc4 28. Qxc4 Rd8 29. Kf2 Qb1 30. Qa2 Qb5 31. Qb3 Bxd3 32. Qxb5 Bxb5 33. Rb2
Bc6 34. Ne2 Rb8 35. Nd4 Bd5 36. Nf3 Bxf3 37. Kxf3 Rc8 38. Rb3 Rc4 39. Kg4 f6
40. exf6+ Kxf6 41. Kf3 Kf5 42. Rb5+ Kf6 43. Rb3 Kf5 44. Rb5+ Kf6 1/2-1/2

[Event "Madrid ch  2012-13 - Semifinal B"]
[Site "Madrid"]
[Date "2013.03.16"]
[Round "5.11"]
[White "Camarero Izquierdo, Juan Carlos"]
[Black "Garcia Sanz, Eduardo"]
[Result "0-1"]
[WhiteElo "1934"]
[BlackElo "2003"]
[PlyCount "108"]
[EventDate "2013.03.07"]
[EventType "swiss"]
[EventRounds "9"]
[EventCountry "ESP"]
[Source "lmi"]
[SourceDate "2013.03.07"]

1. d4 d5 2. Nc3 c5 3. Nf3 e6 4. Bf4 Bd6 5. Qd2 cxd4 6. Qxd4 Nf6 7. Bxd6 Qxd6 8.
e4 Nc6 9. Bb5 O-O 10. Bxc6 Qxc6 11. e5 Ne4 12. O-O Nxc3 13. bxc3 b6 14. Rfe1
Ba6 15. Re3 Qc4 16. Qd1 Qg4 17. Qe1 f5 18. Nd4 f4 19. Rf3 Rac8 20. Qd2 Rc4 21.
h3 Qg6 22. Rxf4 Rxf4 23. Qxf4 Rxc3 24. Qh4 h6 25. Qe7 Qf7 26. Qd6 Bc8 27. a4
Rc4 28. c3 Qd7 29. Qa3 Qc7 30. Qb2 Qxe5 31. a5 bxa5 32. Qd2 a4 33. Re1 Qf6 34.
f4 a6 35. Re5 a3 36. Ne2 Ra4 37. Qa2 Rxf4 38. Re3 Rf1+ 39. Kh2 Qf8 40. c4 d4
41. Rxa3 Bb7 42. c5 Bd5 43. Qd2 Qf2 44. Rg3 Kh8 45. Qxd4 Qxd4 46. Nxd4 Rd1 47.
Ne2 a5 48. Rc3 Bc6 49. Nf4 Rd2 50. Kg1 a4 51. g4 Rb2 52. Nxe6 Rb3 53. Rxb3 axb3
54. Nd4 b2 0-1

[Event "Madrid ch  2012-13 - Semifinal B"]
[Site "Madrid"]
[Date "2013.03.16"]
[Round "5.12"]
[White "Garcia Herranz, Jesus"]
[Black "Lacaci Otero, Ivan"]
[Result "1-0"]
[WhiteElo "1962"]
[BlackElo "1694"]
[PlyCount "103"]
[EventDate "2013.03.07"]
[EventType "swiss"]
[EventRounds "9"]
[EventCountry "ESP"]
[Source "lmi"]
[SourceDate "2013.03.07"]

1. Nf3 c5 2. c4 Nf6 3. Nc3 g6 4. g3 Bg7 5. Bg2 O-O 6. e4 d6 7. O-O Na6 8. d3
Nc7 9. a4 a6 10. h3 Rb8 11. Be3 b5 12. axb5 axb5 13. Qd2 bxc4 14. d4 cxd4 15.
Nxd4 Bd7 16. Ra5 Qe8 17. Rfa1 Nb5 18. Ndxb5 Bxb5 19. Ba7 Rb7 20. e5 Rxa7 21.
Rxa7 dxe5 22. Ra8 Qd7 23. Qxd7 Bxd7 24. Rxf8+ Bxf8 25. Ra8 Bf5 26. g4 Bd3 27.
g5 Nh5 28. Nd5 Kg7 29. Bf1 e4 30. Bg2 e6 31. Nf6 Nf4 32. h4 Nxg2 33. Kxg2 Bc2
34. Rd8 Bd3 35. Kg3 e3 36. fxe3 e5 37. e4 Bc2 38. Kf3 Bb3 39. Ke2 Bc2 40. Kd2
Bb1 41. Kc3 Ba2 42. Re8 Bb3 43. Rxe5 h6 44. Re8 hxg5 45. hxg5 Ba4 46. Rb8 Bb3
47. Ra8 Bd1 48. Kxc4 Be2+ 49. Kc3 Bb5 50. Rb8 Bc6 51. b4 Bxe4 52. Nxe4 1-0

[Event "Madrid ch  2012-13 - Semifinal B"]
[Site "Madrid"]
[Date "2013.03.16"]
[Round "5.13"]
[White "Alonso Herrero, Ignacio"]
[Black "Brull Cortes, Boris"]
[Result "0-1"]
[WhiteElo "1799"]
[BlackElo "1953"]
[PlyCount "86"]
[EventDate "2013.03.07"]
[EventType "swiss"]
[EventRounds "9"]
[EventCountry "ESP"]
[Source "lmi"]
[SourceDate "2013.03.07"]

1. e4 c5 2. Nc3 e6 3. Nf3 Nc6 4. d4 cxd4 5. Nxd4 Nf6 6. Bc4 Bb4 7. Nxc6 Bxc3+
8. bxc3 bxc6 9. Bg5 Qa5 10. Bxf6 gxf6 11. Qf3 Rg8 12. O-O Qg5 13. Rab1 Qg4 14.
Be2 Qxf3 15. Bxf3 Ba6 16. Rfe1 Ke7 17. Be2 Bxe2 18. Rxe2 Rab8 19. Rb3 a5 20. f3
c5 21. c4 Rb4 22. Kf2 Rxc4 23. c3 a4 24. Ra3 Rb8 25. Ke3 d5 26. Kd3 Kd6 27. g4
Rb1 28. Rf2 Kc6 29. Kc2 Rg1 30. Kd3 Rb1 31. Kc2 Rbb4 32. Kd3 Rb5 33. Re2 Kd7
34. h4 Rb1 35. Rh2 Rg1 36. Rb3 axb3 37. axb3 dxe4+ 38. fxe4 Rxg4 39. bxc4 Rg3+
40. Kd2 Kd6 41. h5 Ke5 42. Rh4 h6 43. Kc2 Re3 0-1